000 00503nam a2200181 i 4500
001 43119
003 ES-MaACL
005 20240421063012.0
007 t|
008 030317s1976 sp ||||1| spa d
100 1 _aCelaya, Gabriel,
_d1911-1991
_937346
245 1 0 _aBuenos días, buenas noches /
_cGabriel Celaya.
250 _a[1ª ed.].
260 _a[Madrid] :
_bEd. Ayuso,
_c[1976]
300 _a103 p. ;
_c21 cm.
852 _aES-MaACL
_jA-5833
_bR.94835
999 _c43119
_d43119